[Event "EU-Cup (Women) 10th"]
[Site "Saint Vincent"]
[Date "2005.09.23"]
[Round "6.3"]
[White "Alexandrova, Olga"]
[Black "Todorovic, Olivera"]
[Result "1/2-1/2"]
[WhiteElo "2397"]
[BlackElo "2051"]
[PlyCount "136"]
[EventDate "2005.09.18"]
[EventType "team-swiss"]
[EventRounds "7"]
[EventCountry "ITA"]
[SourceTitle "EXT 2013"]
[Source "ChessBase"]
[SourceDate "2012.11.22"]
[SourceVersion "1"]
[SourceVersionDate "2012.11.22"]
[SourceQuality "1"]
[WhiteTeam "Yerevan Mika (W)"]
[BlackTeam "Obudovac (W)"]
[WhiteTeamCountry "ARM"]
[BlackTeamCountry "BIH"]

1. d4 d6 2. Nf3 Nd7 3. c4 e5 4. e4 Ngf6 5. Nc3 Be7 6. Be2 0-0 7. 0-0 c6 8. Qc2 exd4 9. Nxd4 Nb6 10. Bf4 Bg4 11. f3 Be6 12. Nxe6 fxe6 13. Be3 d5 14. e5 Nfd7 15. cxd5 Nxd5 16. Nxd5 cxd5 17. f4 Rc8 18. Qd2 Bc5 19. Bg4 Qb6 20. Bxc5 Rxc5 21. Kh1 Rfc8 22. Rac1 Qa6 23. Rfe1 g6 24. h3 Rxc1 25. Rxc1 Rxc1+ 26. Qxc1 Kf7 27. b3 Qc6 28. Qe1 h5 29. Bf3 Qc5 30. Kh2 b6 31. Qh4 Qe7 32. Qg3 Nc5 33. Qe1 a5 34. Qd2 Nd7 35. Be2 Nc5 36. Qe3 Qd8 37. Qd4 h4 38. Bf3 Qe7 39. Bd1 Nd7 40. Qf2 Kg7 41. Qf3 Nc5 42. Qg4 Kh6 43. Bc2 Ne4 44. Bxe4 dxe4 45. Qe2 Qb4 46. g3 hxg3+ 47. Kxg3 Qc3+ 48. Kh4 e3 49. Kg3 Qd2 50. Kf3 Kh5 51. Qxe3 Qxe3+ 52. Kxe3 Kh4 53. a4 Kxh3 54. Kd3 Kg3 55. Ke3 Kg4 56. Ke4 Kh5 57. Kd3 g5 58. fxg5 Kxg5 59. Kc4 Kf5 60. Kb5 Kxe5 61. Kxb6 Kd4 62. Kxa5 e5 63. Kb5 e4 64. a5 e3 65. a6 e2 66. a7 e1Q 67. a8Q Qe2+ 68. Kb4 Qe1+ 1/2-1/2

[Event "EU-Cup (Women) 10th"]
[Site "Saint Vincent"]
[Date "2005.09.21"]
[Round "4.3"]
[White "Todorovic, Olivera"]
[Black "Peptan, Corina Isabela"]
[Result "0-1"]
[WhiteElo "2051"]
[BlackElo "2411"]
[PlyCount "108"]
[EventDate "2005.09.18"]
[EventType "team-swiss"]
[EventRounds "7"]
[EventCountry "ITA"]
[SourceTitle "EXT 2013"]
[Source "ChessBase"]
[SourceDate "2012.11.22"]
[SourceVersion "1"]
[SourceVersionDate "2012.11.22"]
[SourceQuality "1"]
[WhiteTeam "Obudovac (W)"]
[BlackTeam "Podgorica Internet (W)"]
[WhiteTeamCountry "BIH"]
[BlackTeamCountry "SRB"]

1. e4 c5 2. Nf3 Nc6 3. d3 g6 4. g3 Bg7 5. Bg2 e5 6. Nc3 Nge7 7. Nd5 Nxd5 8. exd5 Ne7 9. 0-0 d6 10. c4 0-0 11. Rb1 a5 12. a3 a4 13. b4 axb3 14. Qxb3 h6 15. Qb6 Qd7 16. Nd2 f5 17. f4 exf4 18. gxf4 Ra6 19. Qb5 Qc7 20. Nf3 Kh7 21. Re1 Ng8 22. h3 Nf6 23. Ne5 Nh5 24. Nf3 Qd8 25. Kh2 Bf6 26. Re6 Bg7 27. Re2 Nf6 28. Kg1 Rf7 29. Bf1 Rc7 30. Qb3 Nh5 31. Rg2 Bd7 32. Qd1 Be8 33. d4 b6 34. Qd3 Re7 35. dxc5 bxc5 36. Re2 Ng3 37. Ng5+ hxg5 38. Qxg3 Rxe2 39. Bxe2 Qe7 40. Bf1 Ra7 41. fxg5 Qe4 42. Bd3 Qd4+ 43. Kg2 Be5 44. Qf3 Qc3 45. Qe2 Qa5 46. Rb8 Re7 47. Qf2 Qc3 48. Qd2 Qd4 49. Bb2 Qh4 50. Bxe5 Rxe5 51. Rd8 f4 52. Rxd6 Qg3+ 53. Kf1 Qxh3+ 54. Kf2 Qh2+ 0-1

[Event "SCG-chT (Women)"]
[Site "Budva"]
[Date "2003.??.??"]
[Round "5.13"]
[White "Tadic, Katarina"]
[Black "Todorovic, Olivera"]
[Result "1/2-1/2"]
[WhiteElo "2141"]
[BlackElo "2054"]
[PlyCount "62"]
[EventDate "2003.09.??"]
[EventType "team"]
[EventRounds "11"]
[EventCountry "YUG"]
[SourceTitle "CBM 096 Extra"]
[Source "ChessBase"]
[SourceDate "2003.10.22"]
[SourceVersion "2"]
[SourceVersionDate "2003.10.20"]
[SourceQuality "1"]

1. Nf3 d6 2. d4 c6 3. c4 g6 4. g3 Bg7 5. Bg2 Nh6 6. h4 Bg4 7. Nc3 Qb6 8. Qb3 Nf5 9. Qxb6 axb6 10. e3 Nd7 11. Nh2 h5 12. Nf1 e5 13. f3 exd4 14. Ne4 Bxf3 15. Bxf3 Ne5 16. Bg2 Nxc4 17. exd4 Bxd4 18. Nc3 0-0 19. Bh3 Rfe8+ 20. Kd1 Bxc3 21. bxc3 Nfe3+ 22. Nxe3 Nxe3+ 23. Kd2 Ra5 24. c4 Nxc4+ 25. Kc3 Rc5 26. Bf4 Ne3+ 27. Kd3 Rd5+ 28. Kc3 Rc5+ 29. Kd3 Rd5+ 30. Kc3 Rc5+ 31. Kd3 Rd5+ 1/2-1/2

[Event "YUG Cup1 (Women)"]
[Site "Yugoslavia"]
[Date "2002.05.17"]
[Round "5"]
[White "Manakova, Maria"]
[Black "Todorovic, Olivera"]
[Result "1-0"]
[WhiteElo "2345"]
[BlackElo "2085"]
[PlyCount "77"]
[EventDate "2002.05.??"]
[EventType "swiss"]
[EventRounds "7"]
[EventCountry "YUG"]
[SourceTitle "EXT 2006"]
[Source "ChessBase"]
[SourceDate "2005.11.24"]
[SourceVersion "1"]
[SourceVersionDate "2005.11.24"]
[SourceQuality "1"]

1. e4 c6 2. d4 Na6 3. Nf3 g6 4. Nc3 Nc7 5. Be3 Bg7 6. h3 d5 7. e5 f6 8. g4 Ne6 9. Ne2 Qc7 10. Nf4 fxe5 11. Nxe6 Bxe6 12. Nxe5 Bxe5 13. dxe5 h5 14. Be2 0-0-0 15. Qd4 b6 16. g5 Qd7 17. b4 Rh7 18. a4 Kb8 19. Bf4 Rf7 20. h4 Rc8 21. Bg3 c5 22. bxc5 bxc5 23. Qd3 Rf5 24. c4 Qd8 25. Rb1+ Kc7 26. Qd2 d4 27. Qa5+ Kd7 28. Qa6 Rc7 29. Bd3 Qa8 30. 0-0 Qf3 31. Rb3 Rf8 32. Qb5+ Kd8 33. Bxg6 Qe2 34. Bd3 Qf3 35. Re1 Bd7 36. Qa5 Kc8 37. Bc2 Qc6 38. e6 Bxe6 39. Rxe6 1-0

[Event "YUG Cup1 (Women)"]
[Site "Yugoslavia"]
[Date "2002.05.15"]
[Round "3"]
[White "Todorovic, Olivera"]
[Black "Stankovic, Tatjana"]
[Result "1-0"]
[WhiteElo "2085"]
[BlackElo "2139"]
[PlyCount "75"]
[EventDate "2002.05.??"]
[EventType "swiss"]
[EventRounds "7"]
[EventCountry "YUG"]
[SourceTitle "EXT 2006"]
[Source "ChessBase"]
[SourceDate "2005.11.24"]
[SourceVersion "1"]
[SourceVersionDate "2005.11.24"]
[SourceQuality "1"]

1. e4 c5 2. Nf3 Nc6 3. d3 d6 4. g3 g6 5. Bg2 Bg7 6. 0-0 e5 7. Nh4 h6 8. Nc3 Be6 9. Ne2 Bf6 10. Nf3 Qd7 11. c3 Bg4 12. Be3 h5 13. d4 cxd4 14. cxd4 h4 15. d5 Na5 16. Rc1 b5 17. b3 Bh3 18. Qd2 Bxg2 19. Kxg2 hxg3 20. fxg3 Qh3+ 21. Kf2 Bd8 22. Neg1 Qg4 23. Qd3 Nf6 24. Qxb5+ Kf8 25. b4 a6 26. Qd3 Nxe4+ 27. Kg2 Nb7 28. Rc4 f5 29. Rfc1 Qh5 30. h3 Nxg3 31. Kxg3 f4+ 32. Bxf4 exf4+ 33. Rxf4+ Kg8 34. Qe4 Bg5 35. Qe6+ Kg7 36. Rc7+ Kh6 37. Rg4 Rae8 38. Qf7 1-0

[Event "YUG Cup1 (Women)"]
[Site "Yugoslavia"]
[Date "2002.05.14"]
[Round "2"]
[White "Djukic, Sandra"]
[Black "Todorovic, Olivera"]
[Result "0-1"]
[WhiteElo "2013"]
[BlackElo "2085"]
[PlyCount "66"]
[EventDate "2002.05.??"]
[EventType "swiss"]
[EventRounds "7"]
[EventCountry "YUG"]
[SourceTitle "EXT 2006"]
[Source "ChessBase"]
[SourceDate "2005.11.24"]
[SourceVersion "1"]
[SourceVersionDate "2005.11.24"]
[SourceQuality "1"]

1. d4 c6 2. c4 d6 3. Nc3 e5 4. e3 g6 5. Nf3 exd4 6. Nxd4 Bg7 7. Bd3 Nd7 8. 0-0 Nc5 9. Bc2 Ne7 10. Rb1 0-0 11. a3 Ne6 12. Nce2 d5 13. cxd5 Nxd5 14. Bb3 Nec7 15. Ba2 Qe7 16. Ng3 Rd8 17. Qe2 h5 18. Re1 h4 19. Nf1 Re8 20. Qc4 c5 21. Nb3 b6 22. e4 Ba6 23. Qc2 Rad8 24. exd5 Qxe1 25. Bg5 Rxd5 26. Be3 Qe2 27. Nbd2 Rf5 28. b4 Bd3 29. Qd1 Rxe3 30. fxe3 Qf2+ 31. Kh1 Bxb1 32. Bxb1 Bc3 33. Nf3 h3 0-1

[Event "YUG-ch51 (Women)"]
[Site "Belgrade"]
[Date "1998.??.??"]
[Round "13"]
[White "Grujic, Danijela"]
[Black "Todorovic, Olivera"]
[Result "1/2-1/2"]
[WhiteElo "2120"]
[BlackElo "2150"]
[PlyCount "39"]
[EventDate "1998.04.??"]
[EventType "tourn"]
[EventRounds "13"]
[EventCountry "YUG"]
[SourceTitle "EXT 1999"]
[Source "ChessBase"]
[SourceDate "1998.11.16"]
[SourceVersion "1"]
[SourceVersionDate "1998.11.16"]
[SourceQuality "1"]

1. e4 c6 2. d4 Na6 3. Nc3 Nc7 4. Bf4 d6 5. Be2 g6 6. h4 h6 7. Qd2 Bg7 8. 0-0-0 Nf6 9. f3 Ne6 10. Be3 Qa5 11. g4 Bd7 12. Nh3 b5 13. h5 b4 14. Nb1 g5 15. Nf2 Qxa2 16. Qxb4 0-0 17. Qa3 Qxa3 18. Nxa3 Rab8 19. Nd3 Rfc8 20. Nc4 1/2-1/2

[Event "YUG-ch51 (Women)"]
[Site "Belgrade"]
[Date "1998.??.??"]
[Round "9"]
[White "Kostic, Maja"]
[Black "Todorovic, Olivera"]
[Result "1-0"]
[WhiteElo "2235"]
[BlackElo "2150"]
[PlyCount "63"]
[EventDate "1998.04.??"]
[EventType "tourn"]
[EventRounds "13"]
[EventCountry "YUG"]
[SourceTitle "EXT 1999"]
[Source "ChessBase"]
[SourceDate "1998.11.16"]
[SourceVersion "1"]
[SourceVersionDate "1998.11.16"]
[SourceQuality "1"]

1. Nf3 c6 2. c4 g6 3. Nc3 Bg7 4. g3 Na6 5. Bg2 d6 6. 0-0 Nc7 7. d3 Nh6 8. Rb1 f5 9. Qc2 Nf7 10. b4 0-0 11. b5 cxb5 12. Nxb5 Bd7 13. Nfd4 Nxb5 14. Nxb5 Bc6 15. Be3 Bxg2 16. Kxg2 b6 17. a4 Qd7 18. a5 bxa5 19. Qa4 d5 20. cxd5 Qxd5+ 21. Kg1 Be5 22. Nxa7 Nd8 23. Rb5 Qd6 24. Qc4+ Kg7 25. Rxe5 Qxe5 26. Bd4 Qxd4 27. Qxd4+ Rf6 28. Ra1 Ne6 29. Qd7 Kf7 30. Nc6 Re8 31. Rxa5 Nf8 32. Ne5+ 1-0

[Event "YUG-ch51 (Women)"]
[Site "Belgrade"]
[Date "1998.??.??"]
[Round "4"]
[White "Todorovic, Olivera"]
[Black "Bojkovic, Natasa"]
[Result "0-1"]
[WhiteElo "2150"]
[BlackElo "2420"]
[PlyCount "102"]
[EventDate "1998.04.??"]
[EventType "tourn"]
[EventRounds "13"]
[EventCountry "YUG"]
[SourceTitle "EXT 1999"]
[Source "ChessBase"]
[SourceDate "1998.11.16"]
[SourceVersion "1"]
[SourceVersionDate "1998.11.16"]
[SourceQuality "1"]

1. e4 c5 2. Nf3 Nc6 3. g3 g6 4. Bg2 Bg7 5. 0-0 e5 6. c3 Nge7 7. Na3 0-0 8. Nc2 d5 9. exd5 Nxd5 10. d4 cxd4 11. cxd4 e4 12. Ne5 f5 13. Nxc6 bxc6 14. f3 Ba6 15. Re1 Qf6 16. Bf1 Bxf1 17. Rxf1 Rae8 18. fxe4 Rxe4 19. Qd3 Rfe8 20. Bd2 R8e6 21. Rae1 Qe7 22. Qc4 Qe8 23. Rxe4 Rxe4 24. Re1 h5 25. Rxe4 Qxe4 26. Be1 h4 27. gxh4 Kh7 28. Qxc6 Bxd4+ 29. Bf2 Bxf2+ 30. Kxf2 Qxh4+ 31. Kg1 Qg5+ 32. Kf2 Qd2+ 33. Kf3 Qd3+ 34. Kf2 Qd2+ 35. Kf3 Qxh2 36. Qc4 Qh1+ 37. Ke2 Qg2+ 38. Ke1 f4 39. Qe2 Qg3+ 40. Qf2 Qd3 41. Qxa7+ Kh6 42. Qf2 Kg5 43. a4 Nf6 44. Qe2 Qg3+ 45. Qf2 Qb3 46. Qc5+ Kg4 47. Qc8+ Kh4 48. Qc6 Ng4 49. Kd2 f3 50. Qxg6 f2 51. Ke2 Qc4+ 0-1

[Event "YUG-ch51 (Women)"]
[Site "Belgrade"]
[Date "1998.??.??"]
[Round "6"]
[White "Todorovic, Olivera"]
[Black "Maksimovic, Suzana"]
[Result "0-1"]
[WhiteElo "2150"]
[BlackElo "2300"]
[PlyCount "114"]
[EventDate "1998.04.??"]
[EventType "tourn"]
[EventRounds "13"]
[EventCountry "YUG"]
[SourceTitle "EXT 1999"]
[Source "ChessBase"]
[SourceDate "1998.11.16"]
[SourceVersion "1"]
[SourceVersionDate "1998.11.16"]
[SourceQuality "1"]

1. e4 c5 2. Nf3 Nc6 3. g3 Nf6 4. d3 e6 5. Bg2 d5 6. Qe2 Be7 7. 0-0 b6 8. h4 Bb7 9. e5 Nd7 10. c4 d4 11. Re1 h6 12. h5 Qc7 13. Nbd2 0-0-0 14. Nf1 Rdg8 15. a3 g6 16. hxg6 Rxg6 17. Bd2 h5 18. b4 h4 19. b5 Na5 20. Bf4 hxg3 21. fxg3 Rhg8 22. Ra2 Rg4 23. N1h2 Rxg3 24. Bxg3 Rxg3 25. Qf2 Rg7 26. Kh1 Qd8 27. Rg1 Qh8 28. Re2 Rh7 29. Qg3 Nf8 30. Ng5 Rg7 31. Bxb7+ Nxb7 32. Qh3 Qg8 33. Ngf3 Ng6 34. Qg4 Na5 35. Reg2 Qh8 36. Qe4 Kb8 37. Rg4 Qh5 38. R1g2 Qf5 39. Qxf5 exf5 40. R4g3 Rh7 41. Ng5 Bxg5 42. Rxg5 Nxe5 43. Re2 f6 44. Rxf5 Nxd3 45. Rxf6 Nxc4 46. a4 Ne3 47. Rf3 Ne5 48. Rf8+ Kc7 49. Kg1 Kd6 50. Nf3 Rg7+ 51. Kh1 Nxf3 52. Rxf3 Kd5 53. Ref2 c4 54. Rf7 Rxf7 55. Rxf7 c3 56. Rxa7 c2 57. Rd7+ Ke4 0-1

[Event "YUG-ch51 (Women)"]
[Site "Belgrade"]
[Date "1998.??.??"]
[Round "12"]
[White "Todorovic, Olivera"]
[Black "Petrovic, Marija"]
[Result "1-0"]
[WhiteElo "2150"]
[BlackElo "2265"]
[PlyCount "103"]
[EventDate "1998.04.??"]
[EventType "tourn"]
[EventRounds "13"]
[EventCountry "YUG"]
[SourceTitle "EXT 1999"]
[Source "ChessBase"]
[SourceDate "1998.11.16"]
[SourceVersion "1"]
[SourceVersionDate "1998.11.16"]
[SourceQuality "1"]

1. e4 g6 2. d4 Bg7 3. Nc3 c6 4. Nf3 d6 5. Bg5 Qa5 6. Qd2 h6 7. Bf4 Nd7 8. Be2 b5 9. a3 a6 10. 0-0 Qb6 11. e5 d5 12. Bd3 e6 13. b4 Ne7 14. Ne2 Qd8 15. h3 Nb6 16. g4 Bb7 17. c3 Qd7 18. Qc2 a5 19. Nd2 a4 20. Bh2 0-0-0 21. f4 Nc4 22. Rf3 Rdg8 23. Ng3 f5 24. exf6 Bxf6 25. Nxc4 dxc4 26. Be4 Bxd4+ 27. Kg2 Bb6 28. Rd1 Nd5 29. f5 gxf5 30. Nxf5 Bc7 31. Qf2 h5 32. Bxc7 Qxc7 33. Bxd5 cxd5 34. Nd4 hxg4 35. Rf7 gxh3+ 36. Kh1 Qe5 37. Nf3 Qg3 38. Qc5+ Kb8 39. Rg1 Qxf3+ 40. Rxf3 Rxg1+ 41. Qxg1 d4 42. Qg3+ Kc8 43. Kh2 Bxf3 44. Qxf3 Kc7 45. Qf4+ Kc6 46. Qe4+ Kc7 47. Qe5+ Kc6 48. Qxh8 dxc3 49. Qxc3 Kd5 50. Kxh3 Ke4 51. Kg3 e5 52. Kf2 1-0

[Event "YUG-chT (Women)"]
[Site "Novi Sad"]
[Date "1996.??.??"]
[Round "?"]
[White "Kostic, Maja"]
[Black "Todorovic, Olivera"]
[Result "1-0"]
[WhiteElo "2185"]
[BlackElo "2140"]
[PlyCount "63"]
[EventDate "1996.??.??"]
[EventType "team"]
[EventRounds "7"]
[EventCountry "YUG"]
[SourceTitle "EXT 1999"]
[Source "ChessBase"]
[SourceDate "1998.11.16"]
[SourceVersion "1"]
[SourceVersionDate "1998.11.16"]
[SourceQuality "1"]

1. c4 d6 2. Nc3 f5 3. g3 Nf6 4. Bg2 g6 5. Nf3 Bg7 6. 0-0 0-0 7. Rb1 e5 8. d3 h6 9. b4 g5 10. Qb3 Kh8 11. a4 f4 12. c5 c6 13. cxd6 Qxd6 14. b5 Re8 15. Ba3 Qc7 16. Nd2 Be6 17. Nc4 Nbd7 18. bxc6 bxc6 19. Qb7 Qxb7 20. Rxb7 Bxc4 21. dxc4 Rec8 22. a5 a6 23. Bd6 fxg3 24. hxg3 h5 25. Ne4 Nxe4 26. Bxe4 Nf8 27. Bf5 Rd8 28. c5 g4 29. Kg2 Re8 30. Rh1 Ne6 31. Rxh5+ Kg8 32. Bh7+ 1-0

[Event "YUG-ch (Women)"]
[Site "Belgrade"]
[Date "1993.??.??"]
[Round "3"]
[White "Benderac, Ana"]
[Black "Todorovic, Olivera"]
[Result "1-0"]
[WhiteElo "2080"]
[BlackElo "2090"]
[PlyCount "25"]
[EventDate "1993.??.??"]
[EventType "swiss"]
[EventRounds "11"]
[EventCountry "YUG"]
[SourceTitle "EXT 2002"]
[Source "ChessBase"]
[SourceDate "2001.11.25"]
[SourceVersion "1"]
[SourceVersionDate "2001.11.25"]
[SourceQuality "1"]

1. d4 Nf6 2. c4 g6 3. Nc3 Bg7 4. e4 d6 5. f3 0-0 6. Be3 c5 7. d5 e5 8. Qd2 a6 9. Nge2 Ne8 10. g4 Bd7 11. Ng3 Nc7 12. Bh6 Qh4 13. Bg5 1-0

[Event "YUG-ch (Women)"]
[Site "Belgrade"]
[Date "1993.??.??"]
[Round "5"]
[White "Bjelajac Prokopovic, Olivera"]
[Black "Todorovic, Olivera"]
[Result "1-0"]
[WhiteElo "2125"]
[BlackElo "2090"]
[PlyCount "70"]
[EventDate "1993.??.??"]
[EventType "swiss"]
[EventRounds "11"]
[EventCountry "YUG"]
[SourceTitle "EXT 2002"]
[Source "ChessBase"]
[SourceDate "2001.11.25"]
[SourceVersion "1"]
[SourceVersionDate "2001.11.25"]
[SourceQuality "1"]

1. e4 c6 2. d4 d5 3. exd5 cxd5 4. Bd3 Nc6 5. c3 g6 6. h3 Bg7 7. Nf3 Nh6 8. 0-0 0-0 9. Re1 f6 10. Bf4 Nf7 11. Bg3 Re8 12. Na3 e5 13. dxe5 fxe5 14. Bb5 a6 15. Ba4 b5 16. Bb3 Be6 17. Nc2 Qd7 18. Qd2 Rad8 19. Bh4 Bh6 20. Qe2 g5 21. Bg3 Bg7 22. Rad1 Qe7 23. Qe3 h6 24. Qb6 Rd6 25. Qc5 Rc8 26. Qa3 a5 27. Ne3 Qd8 28. Bc2 Rd7 29. b3 b4 30. cxb4 axb4 31. Qa6 Rd6 32. Qb5 Na5 33. Qe2 Qf6 34. Ng4 Bxg4 35. hxg4 e4 1-0

[Event "YUG-chT (Women)"]
[Site "Becici"]
[Date "1993.??.??"]
[Round "?"]
[White "Micic, Snezana"]
[Black "Todorovic, Olivera"]
[Result "1/2-1/2"]
[WhiteElo "2220"]
[BlackElo "2090"]
[PlyCount "109"]
[EventDate "1993.??.??"]
[EventType "team"]
[EventRounds "6"]
[EventCountry "YUG"]
[SourceTitle "EXT 1997"]
[Source "ChessBase"]
[SourceDate "1996.11.15"]
[SourceVersion "1"]
[SourceVersionDate "1996.11.15"]
[SourceQuality "1"]

1. e4 c6 2. d4 d5 3. exd5 cxd5 4. c4 Nf6 5. Nc3 e6 6. Nf3 Be7 7. cxd5 exd5 8. Bd3 0-0 9. h3 Nc6 10. 0-0 b6 11. Bf4 Nb4 12. Bb1 Bb7 13. Re1 Bd6 14. Ne5 Re8 15. a3 Nc6 16. Ba2 Ne7 17. Bg5 Bxe5 18. dxe5 Ne4 19. Rxe4 dxe4 20. Qh5 Rf8 21. Qh4 Re8 22. Rd1 Qc7 23. Nb5 Qxe5 24. Nd6 Bd5 25. Nxe8 Rxe8 26. Bxe7 Bxa2 27. Rd8 Rxd8 28. Bxd8 f6 29. Qg4 Be6 30. Qe2 Kf7 31. Qc2 e3 32. fxe3 Qxe3+ 33. Kh2 Qe5+ 34. Kh1 Bxh3 35. Bc7 Qd5 36. Bb8 a5 37. Kh2 Bd7 38. Qxh7 Bc6 39. Qc2 a4 40. Bc7 b5 41. Ba5 f5 42. Qe2 f4 43. Bc3 Qg5 44. Qf2 Qg4 45. Qa7+ Kg8 46. Qf2 g5 47. Qd2 Qg3+ 48. Kg1 Kh7 49. Qf2 Qxf2+ 50. Kxf2 Kg6 51. g3 f3 52. Bh8 Kf5 53. Bc3 Ke4 54. Bf6 g4 55. Bh8 1/2-1/2

[Event "YUG-ch (Women)"]
[Site "Belgrade"]
[Date "1993.??.??"]
[Round "2"]
[White "Todorovic, Olivera"]
[Black "Milicic, Tilka"]
[Result "0-1"]
[WhiteElo "2090"]
[BlackElo "2025"]
[PlyCount "140"]
[EventDate "1993.??.??"]
[EventType "swiss"]
[EventRounds "11"]
[EventCountry "YUG"]
[SourceTitle "EXT 2002"]
[Source "ChessBase"]
[SourceDate "2001.11.25"]
[SourceVersion "1"]
[SourceVersionDate "2001.11.25"]
[SourceQuality "1"]

1. e4 e6 2. d3 d5 3. Nd2 c5 4. Ngf3 Nc6 5. g3 Nf6 6. Bg2 Be7 7. 0-0 0-0 8. Re1 h6 9. e5 Nd7 10. c3 b6 11. h4 Bb7 12. Nf1 Re8 13. N1h2 f5 14. h5 Rf8 15. Bf4 Qe8 16. Nd2 g5 17. hxg6 Qxg6 18. Bf3 Qg7 19. Qe2 Kh7 20. Kh1 Rg8 21. g4 Bg5 22. Bxg5 Qxg5 23. gxf5 Qxf5 24. Bg4 Qf7 25. f4 Ne7 26. d4 Nf5 27. Qd3 Kh8 28. Qh3 Qh7 29. Ndf3 cxd4 30. cxd4 Rac8 31. Rac1 Ba6 32. Bxf5 exf5 33. e6 Nf6 34. Ne5 Ne4 35. Nf7+ Qxf7 36. Qxh6+ Qh7 37. Qxh7+ Kxh7 38. Nf3 Rxc1 39. Rxc1 Rc8 40. Rg1 Nf2+ 41. Kh2 Ng4+ 42. Kh3 Kg7 43. Kh4 Kf6 44. Re1 Bd3 45. Ng5 Ke7 46. Kh5 Nf6+ 47. Kh6 Rc2 48. Kg6 Rc6 49. Re3 Be4 50. Nxe4 Nxe4 51. Kxf5 Rxe6 52. Rh3 Nd6+ 53. Kg5 Re4 54. Rh7+ Nf7+ 55. Kf5 Rxd4 56. Rh2 Re4 57. Rf2 Nd6+ 58. Kg5 d4 59. f5 d3 60. f6+ Ke8 61. Rh2 Re2 62. Rh8+ Kd7 63. Rh3 d2 64. Rd3 Rg2+ 65. Kf4 Ke6 66. Kf3 d1Q+ 67. Rxd1 Rxb2 68. a4 Rb4 69. Ra1 Kxf6 70. Ke3 a5 0-1

[Event "YUG-chT (Women)"]
[Site "Becici"]
[Date "1993.??.??"]
[Round "?"]
[White "Todorovic, Olivera"]
[Black "Sakotic, Jasna"]
[Result "1-0"]
[WhiteElo "2090"]
[BlackElo "2200"]
[PlyCount "95"]
[EventDate "1993.??.??"]
[EventType "team"]
[EventRounds "6"]
[EventCountry "YUG"]
[SourceTitle "EXT 1997"]
[Source "ChessBase"]
[SourceDate "1996.11.15"]
[SourceVersion "1"]
[SourceVersionDate "1996.11.15"]
[SourceQuality "1"]

1. e4 c5 2. Nf3 e6 3. d3 Nc6 4. g3 d5 5. Nbd2 g6 6. Bg2 Bg7 7. 0-0 Nge7 8. Re1 Qc7 9. Nf1 0-0 10. h4 b6 11. N1h2 Bb7 12. h5 dxe4 13. dxe4 Rad8 14. Qe2 e5 15. c3 Qc8 16. hxg6 hxg6 17. Bf1 Rd6 18. Ng5 Nb8 19. Bh3 Qc6 20. Qg4 f6 21. Ngf3 Kf7 22. Bf1 Bc8 23. Nxe5+ fxe5 24. Bc4+ Be6 25. Bxe6+ Rxe6 26. Nf3 Bf6 27. Bh6 Rh8 28. Bg5 Nd7 29. Rad1 Kg7 30. Rxd7 Qxd7 31. Bxf6+ Kxf6 32. Nxe5 Qe8 33. f4 Kg7 34. Qxe6 Rf8 35. Rd1 Rf6 36. Qd7 Qf8 37. Qd8 Qxd8 38. Rxd8 Re6 39. Rd7 g5 40. Kf2 gxf4 41. gxf4 a6 42. Kf3 Kf8 43. Rd8+ Kg7 44. Ng4 Nc6 45. Rd7+ Kf8 46. f5 Re8 47. Kf4 Re7 48. Rd6 1-0

[Event "YUG-ch (Women)"]
[Site "Belgrade"]
[Date "1993.??.??"]
[Round "11"]
[White "Todorovic, Olivera"]
[Black "Veliova, Irijeta"]
[Result "0-1"]
[WhiteElo "2090"]
[BlackElo "2035"]
[PlyCount "54"]
[EventDate "1993.??.??"]
[EventType "swiss"]
[EventRounds "11"]
[EventCountry "YUG"]
[SourceTitle "EXT 2002"]
[Source "ChessBase"]
[SourceDate "2001.11.25"]
[SourceVersion "1"]
[SourceVersionDate "2001.11.25"]
[SourceQuality "1"]

1. e4 e6 2. d3 d5 3. Nd2 c5 4. Ngf3 Nc6 5. g3 Bd6 6. Bg2 Nge7 7. 0-0 0-0 8. Re1 Ng6 9. Nf1 d4 10. h4 e5 11. h5 Nge7 12. h6 g6 13. N1h2 f5 14. exf5 Bxf5 15. Ng5 Qc8 16. g4 Bd7 17. c3 Qc7 18. Qb3+ Kh8 19. Nf7+ Kg8 20. Nxd6+ Kh8 21. Nf7+ Kg8 22. Nxe5+ Kh8 23. Nxd7 Qxd7 24. Qe6 Qc7 25. Bg5 Ng8 26. Bd5 Rxf2 27. Nf3 Qg3+ 0-1

[Event "YUG-ch (Women)"]
[Site "Belgrade"]
[Date "1993.??.??"]
[Round "7"]
[White "Zivkovic, Vesna"]
[Black "Todorovic, Olivera"]
[Result "1-0"]
[WhiteElo "2180"]
[BlackElo "2090"]
[PlyCount "81"]
[EventDate "1993.??.??"]
[EventType "swiss"]
[EventRounds "11"]
[EventCountry "YUG"]
[SourceTitle "EXT 2002"]
[Source "ChessBase"]
[SourceDate "2001.11.25"]
[SourceVersion "1"]
[SourceVersionDate "2001.11.25"]
[SourceQuality "1"]

1. Nf3 Nf6 2. b3 g6 3. Bb2 Bg7 4. e3 d6 5. d4 0-0 6. Be2 Nbd7 7. c4 Ne4 8. Nc3 Nxc3 9. Bxc3 c5 10. 0-0 Qc7 11. Qc2 e5 12. Rad1 exd4 13. exd4 Re8 14. Rfe1 Nf6 15. dxc5 dxc5 16. Qb2 Nh5 17. Ng5 Bxc3 18. Qxc3 Nf4 19. Bf3 Bf5 20. Ne4 Bxe4 21. Bxe4 Rad8 22. Rxd8 Qxd8 23. g3 Nh3+ 24. Kg2 Qd7 25. Bd5 Rxe1 26. Qxe1 b6 27. Qe5 h6 28. Qf6 Ng5 29. Qxg6+ Kh8 30. Qxh6+ Nh7 31. Qh5 Kg7 32. h4 a5 33. Be4 Nf8 34. Qg5+ Kh8 35. Qf6+ Kg8 36. h5 Qg4 37. Bf3 Qd4 38. Qxb6 Ne6 39. Bd5 Kg7 40. Bxe6 Qe4+ 41. Kh2 1-0

[Event "YUG-chT (Women)"]
[Site "Cetinje"]
[Date "1991.09.03"]
[Round "1"]
[White "Todorovic, Olivera"]
[Black "Petrovic, Marija"]
[Result "0-1"]
[WhiteElo "2195"]
[BlackElo "2255"]
[PlyCount "82"]
[EventDate "1991.09.??"]
[EventType "team-swiss"]
[EventRounds "9"]
[EventCountry "YUG"]
[SourceTitle "EXT 1998"]
[Source "ChessBase"]
[SourceDate "1997.11.17"]
[SourceVersion "1"]
[SourceVersionDate "1997.11.17"]
[SourceQuality "1"]

1. e4 g6 2. Nf3 Bg7 3. d3 d6 4. g3 e5 5. Bg2 Ne7 6. 0-0 0-0 7. Nbd2 f5 8. c3 Kh8 9. Re1 Nbc6 10. Nf1 d5 11. Bg5 fxe4 12. dxe4 d4 13. Qd2 Bg4 14. Nh4 dxc3 15. bxc3 Qxd2 16. Nxd2 Rad8 17. Rab1 b6 18. Bf1 h6 19. Be3 g5 20. Ng2 Nd4 21. Rb2 Ne6 22. Nc4 Bf3 23. Nd2 Bh5 24. Bc4 Nf4 25. gxf4 gxf4 26. Nf1 fxe3 27. Rxe3 Ng6 28. Ng3 Bg4 29. Nf1 Nf4 30. Nxf4 exf4 31. Rd3 Rxd3 32. Bxd3 Bxc3 33. Rc2 Be5 34. Nd2 Bh3 35. Bf1 Rg8+ 36. Kh1 Bxf1 37. Nxf1 Bd4 38. Re2 c5 39. Nd2 Kg7 40. Nc4 Kf6 41. a4 f3 0-1